000 01032nam0a22002651 4500
001 rc\4308945
005 20130416130119.7
021 _aRU
_b[59-71874]
035 _a(NLR Aleph) 008507006
090 _a8145093
_c8145093
100 _a20130416d1959 |||y0rusy50 ca
101 0 _arus
102 _aRU
105 _aa z |||||
200 1 _aХимическая эволюция Земли
_fПервое чтение им. В.И. Вернадского 30 марта 1959 г.
_gАкад. наук СССР. Ин-т геохимии и аналит. химии им. В.И. Вернадского
210 _aМосква
_cИзд-во Акад. наук СССР
_d1959
215 _a44 с., 1 л. ил.
_d22
225 1 _a[Чтения имени В.И. Вернадского
_v1]
606 _aГеохимия
_2psbo
700 1 _aВиноградов
_bА. П.
_f1895-1975
_gАлександр Павлович
801 0 _aRU
_bNLR
_gpsbo
801 1 _aRU
_bELAR
_2rusmarc
852 _aNLR
_jП7/905
942 _cBOOK
980 _aNB